Quizzes
Events
Quiz Creation
Community
Videos
Private Events
Remove Ads
Sign In
Join for FREE
Feedback
Dark Mode
Quiz Categories
Sports
Geography
Music
Movies
Television
Just For Fun
Miscellaneous
History
Literature
Language
Science
Gaming
Entertainment
Religion
Holiday
For Kids
Quiz Lab
Recent
Popular Today
Quiz Kudos Today
Editor Picks
Curator Picks
Quizzes by...
Day
Popularity
Type
Ratings
Length
Year
Community
Subscriptions
Recent Discussions
Orange Saloon
Badges
Playlists
Quests
Create
Leaderboards
Showdown
Live 5
Trivia Bingo
Activity
Puzzle Library
Sporcle Events
Private Events
Virtual Trivia
Globe League
Become a Host
Pub Owners
SporcleCon
Opinionation
Our Games
Videos
Blog
Mobile Apps
Partnerships
Remove Ads and Go Orange
Feedback
Entertainment
Celebrity
Famous
Musical
Broadway
Show
Quote
Comic Books
Anime
Superhero
DC Comics
Marvel
Cartoons
Animation
Entertainment
Celebrity
Famous
Musical
Broadway
Show
Quote
Comic Books
Anime
Superhero
DC Comics
Marvel
Cartoons
Animation
Random Quiz
Search Sporcle
×
Quiz Lab
Quiz Lab
Entertainment
WWE
Type in answers that appear in a list
Type in answers that appear in a list
Classic
Best Score? Go Orange.
WWF/WWE SummerSlam 1992 - Participants Stats
Can you name the SummerSlam 1992 - Participants?
By
MSiNX
6m
55 Questions
915 Plays
915 Plays
915 Plays
Comments
Comments
Give Quiz Kudos
Give Quiz Kudos
-
- Ratings
hide this ad
Replay
Link that replays current quiz
Next Quiz
Link to next quiz in quiz playlist
You Got
0%
They Got
Avg Score
73%
Avg Friend Score
Upgrade to see
Score Distribution
Jump to the score distribution portion of the page
Score
0/55
Timer
06:00
0
Plays Today
SummerSlam 1992
Participant
% Correct
Intercontinental Championship Match
Bret Hart
97.6%
Tag Team Match Manager
Jimmy Hart
96%
Dark Match 6-
Man Tag Manager
Jimmy Hart
96%
Casket Match
Undertaker
95.3%
Wife and Sister of IC Match Competitors
Diana Hart
95%
Intercontinental Championship Match
British Bulldog
94.4%
WWF Championship Match
Randy Savage
94%
Tag Team Match
Hawk
92.1%
Tag Team Match
Animal
92.1%
WWF Championship Match
Ultimate Warrior
91.5%
Tag Team Match
Ted DiBiase
91.1%
Singles Match
Shawn Michaels
90.7%
WWF Championship Match (Interfered)
Ric Flair
89.7%
Tag Team Match
IRS
88.9%
Played Bag Pipes
Rowdy Roddy Piper
88.4%
WWF Championship Match (Interfered)
Mr. Perfect
88.2%
Tag Team Title Match
Earthquake
86.4%
Casket Match
Kamala
86.3%
Tag Team Title Match
Typhoon
85.6%
Singles Match Manager
Sensational Sherri
85.2%
Singles Match
Rick Martel
84.7%
Casket Match Manager
Paul Bearer
83.5%
Play-
by-
Play Announcer
Vince McMahon
83.4%
Color Commentator
Bobby 'The Brain' Heenan
82.9%
Tag Team Title Match
Blake Beverly
74.7%
Tag Team Title Match
Beau Beverly
74.5%
Tag Team Match Manager
Paul Ellering
74.3%
Ring Announcer
Howard Finkel
73.3%
SummerSlam 1992
Participant
% Correct
Singles Match
Virgil
70.8%
Dark Match 6-
Man Tag
Brian Knobbs
70.2%
Dark Match 6-
Man Tag
Jerry Sags
70.1%
Referee
Earl Hebner
69.4%
Singles Match
Crush
68.9%
Casket Match Handler
Kim Chee
67.4%
Dark Match
Tito Santana
67.4%
Singles Match
Nailz
65.6%
Backstage Interviewer
Mean Gene Okerlund
65.3%
Dark Match 6-
Man Tag
Luke
64.9%
Dark Match 6-
Man Tag
Butch
64.4%
Singles Match
Repo Man
63.5%
Tag Team Title Match Manager
The Genius
62.9%
Dark Match 6-
Man Tag
Jim Duggan
62%
Backstage Interviewer
Sean Mooney
61.9%
Casket Match Manager
Harvey Wippleman
60.7%
Tag Team Match Dummy
Rocco
60.1%
Dark Match 6-
Man Tag
The Mountie
57.8%
Accompanied IC Challenger to Ring
Lennox Lewis
57.8%
Dark Match
Tatanka
54.4%
Backstage Interviewer
Lord Alfred Hayes
52.2%
Dark Match
Papa Shango
51.8%
Dark Match Manager
Mr. Fuji
50.7%
Referee
Joey Marella
42.7%
Dark Match
Berzerker
42.5%
Referee
Mike Chioda
29.1%
Referee
Danny Davis
26.7%
Quiz Playlist
Details
Report
Send in Message
Add To Playlist
Classic:
Type in answers that appear in a list
Last Updated: Feb 16, 2017
Quiz Scoreboard
CHALLENGE
Sign Up to Join the Scoreboard
Show All
Scores
Hide
Comments
May contain spoilers
Recently Published
Movies - When Are They Set?
by FPL_Elf
Movies
5m
Popular People in 1961
by mucciniale
History
6m
1-10 Letter E Words III
by El_Dandy
Language
2m
More to Explore
Quiz From the Vault
Featured Blog Post
Where Did the Easter Bunny Come From?
hide this ad
You Might Also Like...
Tags
WWE Quiz
1992
participant
Summerslam
Wrestling
WWF
Today's Top Quizzes in Entertainment
Browse Entertainment
hide this ad
Today's Top Quizzes in WWE
Browse WWE
Top Contributed Quizzes in Entertainment
1
Kamen Rider Motifs
2
Dragon Ball Z: Goku's Fights in Order
3
Dragon Ball Z: Mega Character Search
4
One Piece Arcs By Order III
5
Survivor Winners Logic Quiz
6
Undead Unluck Minefield
7
Criteria Quickie: Cartoon Taxonomy II
8
Marvel Characters Bunker
9
Who Wants to Be a Millionaire: Anime Edition
10
Demon Slayer 11-1
Explore More
Trending Topics
Kpop
Crossword
NBA
Harry Potter
Marvel
Anime
Disney
Puzzle
Pokémon
Soccer
NFL
WWE
Song
Country
The Office
hide this ad
More By:
MSiNX
Quiz
Plays
Rating
Category
Featured
Created
Deceased WWE WrestleMania Competitors Memorial
20,305
4.43
Sports
Jan 20, 2014
WWE Top 10 Fantasy Matches that Never Happened
9,850
4.10
Sports
Mar 14, 2013
MLB-NFL-NBA Nicknames
5,371
3.93
Sports
Oct 29, 2010
Wrestling's Ultimate Gimmick Quiz
4,960
3.64
Sports
Feb 23, 2013
Name The Wrestler
4,884
3.15
Sports
Sep 5, 2010
Go to Creator's Profile
Score Distribution
Quiz Creator Spotlight
MSiNX
Follow
Send a Message
Quizzes Created
-
Created Quiz Play Count
-
More By This Creator
Popular Quizzes Today
1
Find the US States - No Outlines Minefield
2
Find the Countries of Europe - No Outlines Minefield
3
The Countries of the World
4
Popular People in 1961
5
1-10 Letter E Words III
6
US States
7
Find the US States
8
One Thing in Common: World Cities II
More Entertainment Quizzes
💥Anime by Fighting Gif💥
Quiz Lab
Trending Quizzes
Risky Map Clicking: Least Populous States A-Z
1-10 Letter F Words
Humor Books: The Subtitles
1-10 Letter G Words
One Thing in Common: United Kingdom
Recently Updated
Leaping Animals
pecheneg
Reality TV Shows (A-Z)
bhenderson79
Rickey Henderson's Hall of Fame Teammates
pecheneg
Champions League XIs: Arsenal
pecheneg
Quick Pick: Celebrities in WWE's Hall of Fame
aduchscher
A-Z Keypad Blitz II
pecheneg
Multiple Oscar Actors
pecheneg
Mystery Phrase Blitz: Oscar 'Best Actors'
pecheneg
F. Scott Fitzgerald Novels
LTH
Pick 3 Villains
ddd62291
Trending Topics
Marvel
Disney
Harry Potter
Anime
NBA
Kpop
Crossword
Puzzle
NFL
Soccer
Country
Pokémon
The Office
Song
WWE
Your Account Isn't Verified!
In order to create a playlist on Sporcle, you need to verify the email address you used during registration. Go to your
Sporcle Settings
to finish the process.
Report this User
Report this user for behavior that violates our
Community Guidelines
.
Details:
Send Report
Go to the Sporcle.com Mobile Site →
Comments